000
00196 a2200097 4500
001
7483
100
_a
Davis,L
245
_a
Muslim Conduct of State
260
_a
_b
Ashraf
_c
090
_c
5993
_d
5993
942
_a
NUST-CAE
_c
M
_c
32481
999
_c
242556
_d
242556